Fr. Conceicao Rodrigues College of Engineering

Principles Of Management. (Record no. 18066)

MARC details
000 -LEADER
fixed length control field 00288nam a2200133Ia 4500
082 ## - DEWEY DECIMAL CLASSIFICATION NUMBER
Classification number 658/TRI
100 ## - MAIN ENTRY--PERSONAL NAME
Personal name Tripathi/P.C.
245 ## - TITLE STATEMENT
Title Principles Of Management.
260 ## - PUBLICATION, DISTRIBUTION, ETC.
Name of publisher, distributor, etc. Tata McGraw Hill
Place of publication, distribution, etc. New Delhi.
300 ## - PHYSICAL DESCRIPTION
Extent 323
546 ## - LANGUAGE NOTE
Language note ENGLISH
650 ## - SUBJECT ADDED ENTRY--TOPICAL TERM
Topical term or geographic name entry element Production.
942 ## - ADDED ENTRY ELEMENTS (KOHA)
Koha item type BOOK
Holdings
Withdrawn status Lost status Damaged status Not for loan Collection Home library Current library Date acquired Total Checkouts Full call number Barcode Date last seen Price effective from Koha item type
        AFT Fr. Agnel's C.Rodrigues College of Engineering Fr. Agnel's C.Rodrigues College of Engineering 17/03/2023   658/TRI AFT7902 17/03/2023   BOOK